[Event "Keres mem. (36th)"]
[Site "Vancouver CAN"]
[Date "2011.05.21"]
[Round "3"]
[White "Toubale, Tarek"]
[Black "Piasetski, Leon"]
[Result "1/2-1/2"]
[WhiteElo "2205"]
[BlackElo "2303"]
[PlyCount "50"]
[GameId "2160767909704304"]
[EventDate "2011.05.20"]
[EventType "swiss"]
[EventRounds "7"]
[EventCountry "CAN"]
[SourceTitle "CBM 142 Extra"]
[Source "ChessBase"]
[SourceDate "2011.06.27"]
[SourceVersion "1"]
[SourceVersionDate "2011.06.27"]
[SourceQuality "1"]

1. e4 c5 2. Nf3 e6 3. d4 cxd4 4. Nxd4 a6 5. Bd3 Bc5 6. Nb3 Be7 7. O-O d6 8. a4 b6 9. Qg4 Bf6 10. Na3 Nd7 11. f4 Qc7 12. Nc4 Ne7 13. Bd2 d5 14. Ne3 Bxb2 15. exd5 Nf6 16. Qxg7 Rg8 17. Qh6 Nexd5 18. Nxd5 Nxd5 19. Rae1 Bb7 20. Be4 O-O-O 21. c4 Nf6 22. Bxb7+ Qxb7 23. Re2 Rd3 24. Bc1 Bc3 25. Bb2 Bxb2 1/2-1/2

[Event "Keres mem. (36th)"]
[Site "Vancouver CAN"]
[Date "2011.05.22"]
[Round "4"]
[White "Piasetski, Leon"]
[Black "Patterson, Roger"]
[Result "1-0"]
[WhiteElo "2303"]
[BlackElo "2157"]
[PlyCount "59"]
[GameId "2160767909704305"]
[EventDate "2011.05.20"]
[EventType "swiss"]
[EventRounds "7"]
[EventCountry "CAN"]
[SourceTitle "CBM 142 Extra"]
[Source "ChessBase"]
[SourceDate "2011.06.27"]
[SourceVersion "1"]
[SourceVersionDate "2011.06.27"]
[SourceQuality "1"]

1. Nf3 f5 2. c4 Nf6 3. g3 g6 4. Bg2 Bg7 5. O-O O-O 6. Nc3 d6 7. d4 Qe8 8. d5 a5 9. Be3 Na6 10. Qc1 Ng4 11. Bd2 Bd7 12. Ne1 c6 13. h3 Ne5 14. b3 Nf7 15. Rb1 e5 16. dxe6 Bxe6 17. Na4 Nc7 18. Bc3 Ne5 19. Qd2 Rd8 20. Bxa5 Qe7 21. f4 Nf7 22. Bc3 Bxc3 23. Qxc3 b5 24. cxb5 cxb5 25. Nb6 Rb8 26. Qd4 d5 27. a4 Qd6 28. a5 Rfd8 29. Nd3 Na6 30. b4 1-0

[Event "Keres mem. (36th)"]
[Site "Vancouver CAN"]
[Date "2011.05.22"]
[Round "5"]
[White "Doroshenko, Maxim"]
[Black "Piasetski, Leon"]
[Result "1/2-1/2"]
[WhiteElo "2295"]
[BlackElo "2303"]
[PlyCount "94"]
[GameId "2160767909704306"]
[EventDate "2011.05.20"]
[EventType "swiss"]
[EventRounds "7"]
[EventCountry "CAN"]
[SourceTitle "CBM 142 Extra"]
[Source "ChessBase"]
[SourceDate "2011.06.27"]
[SourceVersion "1"]
[SourceVersionDate "2011.06.27"]
[SourceQuality "1"]

1. d4 Nf6 2. c4 d6 3. Nc3 Bf5 4. f3 e5 5. e4 exd4 6. Nce2 Bg6 7. Nxd4 Nbd7 8. Nge2 c6 9. Nc3 d5 10. cxd5 cxd5 11. Bf4 a6 12. exd5 Bb4 13. Qb3 Qe7+ 14. Kf2 Bc5 15. Rd1 O-O 16. g3 Ne5 17. Kg2 Rad8 18. Be2 Rfe8 19. Rhe1 Bxd4 20. Rxd4 Nd3 21. Rd1 Nxf4+ 22. Rxf4 b5 23. a3 Rd6 24. Bf1 Qe3 25. Qb4 Qb6 26. Qd4 Nd7 27. Qxb6 Nxb6 28. a4 Bc2 29. Ra1 Nxa4 30. Nxb5 axb5 31. Bxb5 Rb8 32. Bxa4 Bxa4 33. Rfxa4 Rxb2+ 34. Kh3 g6 35. Rd4 Rb5 36. Rad1 Kf8 37. g4 h6 38. f4 Rb3+ 39. R1d3 Rxd3+ 40. Rxd3 Ke7 41. Kg3 Ra6 42. g5 hxg5 43. fxg5 Kd6 44. h4 Ra5 45. h5 gxh5 46. Kh4 Rxd5 47. Rf3 Ke7 1/2-1/2

[Event "Keres mem. (36th)"]
[Site "Vancouver CAN"]
[Date "2011.05.23"]
[Round "6"]
[White "McLaren, Brian"]
[Black "Piasetski, Leon"]
[Result "0-1"]
[WhiteElo "2183"]
[BlackElo "2303"]
[PlyCount "82"]
[GameId "2160767909704307"]
[EventDate "2011.05.20"]
[EventType "swiss"]
[EventRounds "7"]
[EventCountry "CAN"]
[SourceTitle "CBM 142 Extra"]
[Source "ChessBase"]
[SourceDate "2011.06.27"]
[SourceVersion "1"]
[SourceVersionDate "2011.06.27"]
[SourceQuality "1"]

1. e4 c5 2. Nc3 a6 3. g3 b5 4. Bg2 Bb7 5. d3 e6 6. Nh3 b4 7. Ne2 d5 8. O-O dxe4 9. dxe4 Qxd1 10. Rxd1 Nf6 11. f3 Nbd7 12. Be3 Be7 13. Nf2 O-O-O 14. c3 Ne5 15. cxb4 Rxd1+ 16. Rxd1 cxb4 17. Rc1+ Kb8 18. f4 Ned7 19. g4 Rc8 20. Rxc8+ Kxc8 21. g5 Ne8 22. Nd3 a5 23. Ng3 Ba6 24. Bf1 Nd6 25. Bd4 g6 26. b3 Nb5 27. Ne5 Nxe5 28. Bxe5 Bc5+ 29. Kg2 Kb7 30. h4 Be3 31. Kf3 Bd2 32. f5 Nc3 33. fxe6 fxe6 34. Bh3 a4 35. Bxe6 a3 36. Nf5 Be2+ 37. Kf2 Bd3 38. Bxc3 Bxc3 39. Nd6+ Kc6 40. Bc4 Bb1 41. Nb5 Be5 0-1

[Event "Keres mem. (36th)"]
[Site "Vancouver CAN"]
[Date "2011.05.23"]
[Round "7"]
[White "Piasetski, Leon"]
[Black "Orlov, Georgi"]
[Result "0-1"]
[WhiteElo "2303"]
[BlackElo "2468"]
[PlyCount "60"]
[GameId "2160767909704308"]
[EventDate "2011.05.20"]
[EventType "swiss"]
[EventRounds "7"]
[EventCountry "CAN"]
[SourceTitle "CBM 142 Extra"]
[Source "ChessBase"]
[SourceDate "2011.06.27"]
[SourceVersion "1"]
[SourceVersionDate "2011.06.27"]
[SourceQuality "1"]

1. Nf3 Nf6 2. c4 g6 3. Nc3 Bg7 4. e4 O-O 5. d4 d6 6. Be2 Nbd7 7. O-O e5 8. Qc2 c6 9. Rd1 Qe7 10. Bf1 exd4 11. Nxd4 Ng4 12. Qd2 Nb6 13. f3 Ne5 14. b3 c5 15. Nde2 f5 16. Rb1 fxe4 17. Nxe4 Rxf3 18. Qxd6 Qe8 19. N2g3 Bf5 20. Rb2 Bxe4 21. Nxe4 Nf7 22. Qxc5 Rxf1+ 23. Kxf1 Bxb2 24. Re1 Qe5 25. Bxb2 Qxb2 26. Qe7 Kg7 27. c5 Nd5 28. Qxb7 Rf8 29. Ng5 Kh6 30. Ne6 Nd8+ 0-1

[Event "CAN-ch"]
[Site "Hamilton CAN"]
[Date "1994.??.??"]
[Round "2"]
[White "Livshits, Ron"]
[Black "Piasetski, Leon"]
[Result "0-1"]
[WhiteElo "2370"]
[BlackElo "2365"]
[PlyCount "92"]
[GameId "2160767912140445"]
[EventDate "1994.08.12"]
[EventType "tourn"]
[EventRounds "15"]
[EventCountry "CAN"]
[SourceTitle "EXT 1997"]
[Source "ChessBase"]
[SourceDate "1996.11.15"]
[SourceVersion "1"]
[SourceVersionDate "1996.11.15"]
[SourceQuality "1"]

1. d4 d5 2. c4 Bf5 3. cxd5 Bxb1 4. Qa4+ c6 5. Rxb1 Qxd5 6. a3 Nd7 7. Nf3 Ngf6 8. g3 Qe4 9. Ra1 e5 10. Bg2 Nc5 11. Qc4 exd4 12. Qxd4 Nb3 13. Qxe4+ Nxe4 14. Rb1 Bc5 15. O-O Rd8 16. Bf4 f6 17. Bh3 Kf7 18. Bf5 Rhe8 19. h4 g6 20. Bxe4 Rxe4 21. e3 Re7 22. Rfd1 Red7 23. Rxd7+ Rxd7 24. Kg2 Ke6 25. e4 Be7 26. Re1 a5 27. e5 f5 28. Bg5 Bf8 29. h5 h6 30. hxg6 hxg5 31. Nxg5+ Kd5 32. e6 Re7 33. Rh1 Bg7 34. Rh7 Nd4 35. g4 fxg4 36. Kg3 Nxe6 37. Kxg4 Nxg5 38. Kxg5 Ke6 39. Kg4 Bxb2 40. Rh3 Kf6 41. Kh5 Kg7 42. f4 Re2 43. f5 Kf6 44. Kg4 Rg2+ 45. Kf3 Rg5 46. Ke4 Rg4+ 0-1

[Event "CAN-ch"]
[Site "Hamilton CAN"]
[Date "1994.??.??"]
[Round "6"]
[White "Baragar, Fletcher"]
[Black "Piasetski, Leon"]
[Result "1-0"]
[WhiteElo "2285"]
[BlackElo "2365"]
[PlyCount "57"]
[GameId "2160767912140476"]
[EventDate "1994.08.12"]
[EventType "tourn"]
[EventRounds "15"]
[EventCountry "CAN"]
[SourceTitle "EXT 1997"]
[Source "ChessBase"]
[SourceDate "1996.11.15"]
[SourceVersion "1"]
[SourceVersionDate "1996.11.15"]
[SourceQuality "1"]

1. d4 Nf6 2. c4 d6 3. Nc3 Nbd7 4. Nf3 c6 5. e4 e5 6. Be2 Be7 7. O-O O-O 8. Qc2 a6 9. Rd1 Qc7 10. Bg5 b6 11. Rac1 Bb7 12. Bh4 Rfe8 13. c5 dxc5 14. dxe5 Nxe5 15. Na4 Ned7 16. Bg3 Qc8 17. Ng5 b5 18. e5 bxa4 19. Bc4 Rf8 20. Rxd7 Qxd7 21. exf6 g6 22. Rd1 Qe8 23. Re1 Bxf6 24. Rxe8 Raxe8 25. h4 Re1+ 26. Kh2 Bxg5 27. hxg5 Rd8 28. f3 Rdd1 29. Qe4 1-0

[Event "CAN-ch"]
[Site "Hamilton CAN"]
[Date "1994.??.??"]
[Round "7"]
[White "Piasetski, Leon"]
[Black "Hamilton, Robert"]
[Result "0-1"]
[WhiteElo "2365"]
[BlackElo "2330"]
[PlyCount "56"]
[GameId "2160767912140490"]
[EventDate "1994.08.12"]
[EventType "tourn"]
[EventRounds "15"]
[EventCountry "CAN"]
[SourceTitle "EXT 1997"]
[Source "ChessBase"]
[SourceDate "1996.11.15"]
[SourceVersion "1"]
[SourceVersionDate "1996.11.15"]
[SourceQuality "1"]

1. c4 Nf6 2. Nc3 e6 3. Nf3 d5 4. d4 Be7 5. Bg5 O-O 6. e3 h6 7. Bxf6 Bxf6 8. cxd5 exd5 9. b4 c6 10. Qb3 Re8 11. Be2 Be6 12. Na4 Nd7 13. Rc1 Be7 14. O-O b5 15. Nb2 Rc8 16. a4 a6 17. a5 Bd6 18. Nd3 Bg4 19. Rc2 Re6 20. Rfc1 Bb8 21. h3 Bf5 22. Qxd5 Be4 23. Qb3 Rg6 24. d5 Qf6 25. Rxc6 Rxc6 26. Rxc6 Bd6 27. Qc3 Qf5 28. Nh4 Qxh3 0-1

[Event "CAN-ch"]
[Site "Hamilton CAN"]
[Date "1994.??.??"]
[Round "8"]
[White "Day, Lawrence"]
[Black "Piasetski, Leon"]
[Result "1-0"]
[WhiteElo "2370"]
[BlackElo "2365"]
[PlyCount "105"]
[GameId "2160767912140496"]
[EventDate "1994.08.12"]
[EventType "tourn"]
[EventRounds "15"]
[EventCountry "CAN"]
[SourceTitle "EXT 1997"]
[Source "ChessBase"]
[SourceDate "1996.11.15"]
[SourceVersion "1"]
[SourceVersionDate "1996.11.15"]
[SourceQuality "1"]

1. e4 d5 2. exd5 Qxd5 3. Nc3 Qa5 4. g3 Nf6 5. Bg2 c6 6. h3 Nbd7 7. Nf3 Ne5 8. Nd4 e6 9. Nb3 Qc7 10. d4 Ng6 11. Qe2 a5 12. a3 Be7 13. h4 h5 14. Bg5 a4 15. Nd2 e5 16. Bxf6 gxf6 17. d5 Qb6 18. Nc4 Qa6 19. dxc6 bxc6 20. Qe4 Bd7 21. Bf1 Qa7 22. Rd1 Bc5 23. Qf3 f5 24. Bh3 O-O 25. Bxf5 Bxf2+ 26. Ke2 Nf4+ 27. gxf4 Bxf5 28. Nxe5 f6 29. Nxc6 Bg4 30. Nxa7 Bxf3+ 31. Kxf3 Bxa7 32. Nxa4 Kh7 33. Rd7+ Kg6 34. Re1 Rfd8 35. Ree7 Bd4 36. Rxd8 Rxd8 37. c3 Bg1 38. Re2 Kf5 39. Rg2 Ba7 40. Rg7 Bb8 41. Rh7 Rd3+ 42. Ke2 Rh3 43. Rxh5+ Kg4 44. Rh7 Bxf4 45. c4 Be5 46. Rg7+ Kf4 47. c5 f5 48. Re7 Rxh4 49. c6 Rh2+ 50. Kd3 Rh6 51. c7 Rd6+ 52. Ke2 Rc6 53. Nb6 1-0

[Event "CAN-ch"]
[Site "Hamilton CAN"]
[Date "1994.??.??"]
[Round "10"]
[White "Spraggett, Kevin"]
[Black "Piasetski, Leon"]
[Result "1-0"]
[WhiteElo "2530"]
[BlackElo "2365"]
[PlyCount "115"]
[GameId "2160767912140520"]
[EventDate "1994.08.12"]
[EventType "tourn"]
[EventRounds "15"]
[EventCountry "CAN"]
[SourceTitle "EXT 1997"]
[Source "ChessBase"]
[SourceDate "1996.11.15"]
[SourceVersion "1"]
[SourceVersionDate "1996.11.15"]
[SourceQuality "1"]

1. e4 c6 2. d4 d5 3. e5 Bf5 4. c3 e6 5. Be3 Nd7 6. Nd2 Ne7 7. f4 Bg6 8. Ngf3 c5 9. Qb3 Nf5 10. Bf2 cxd4 11. cxd4 Qb6 12. Bb5 Ne7 13. O-O Nc6 14. Rfc1 Rc8 15. a3 a6 16. Be2 Qxb3 17. Nxb3 Kd8 18. Nbd2 Nb6 19. b4 Nb8 20. Nb3 Nc4 21. Nh4 Be4 22. Nc5 Bxc5 23. dxc5 g5 24. Bxc4 dxc4 25. fxg5 Bd5 26. Nf3 Nc6 27. Nd2 Rg8 28. Nxc4 Bxc4 29. Rxc4 Nxe5 30. Re4 Nc6 31. h4 Ne7 32. Rf1 Ke8 33. Rd1 Rd8 34. Rxd8+ Kxd8 35. a4 Nd5 36. b5 axb5 37. axb5 Ke7 38. Ra4 Rb8 39. Bg3 Rc8 40. Ra7 Rxc5 41. Rxb7+ Ke8 42. b6 Rb5 43. Bf2 Rb1+ 44. Kh2 Rb2 45. Rb8+ Kd7 46. Rf8 e5 47. b7 Rxb7 48. Rxf7+ Kc6 49. Rxb7 Kxb7 50. Kg3 Kc6 51. Kg4 Ne7 52. h5 Kd5 53. g6 hxg6 54. h6 Ng8 55. Kg5 Nxh6 56. Kxh6 Ke4 57. Kxg6 Kf4 58. Kh5 1-0

[Event "CAN-ch"]
[Site "Hamilton CAN"]
[Date "1994.??.??"]
[Round "14"]
[White "Piasetski, Leon"]
[Black "Spraggett, Grant"]
[Result "0-1"]
[WhiteElo "2365"]
[BlackElo "2320"]
[PlyCount "77"]
[GameId "2160767912140555"]
[EventDate "1994.08.12"]
[EventType "tourn"]
[EventRounds "15"]
[EventCountry "CAN"]
[SourceTitle "EXT 1997"]
[Source "ChessBase"]
[SourceDate "1996.11.15"]
[SourceVersion "1"]
[SourceVersionDate "1996.11.15"]
[SourceQuality "1"]

1. d4 Nf6 2. Nf3 e6 3. g3 b6 4. Bg2 Bb7 5. O-O Be7 6. c4 O-O 7. Nc3 d5 8. Ne5 c6 9. Qa4 Nbd7 10. Nxc6 Bxc6 11. Qxc6 Rc8 12. Qa4 Rxc4 13. Qxa7 Qc8 14. e4 Qc6 15. exd5 exd5 16. Nxd5 Nxd5 17. b3 Rc2 18. Qa6 N7f6 19. Bg5 h6 20. Bxf6 Bxf6 21. Qd3 Rd8 22. a3 Rc3 23. Qd1 Qb5 24. b4 Qc4 25. Qa4 Rd3 26. Rfe1 Nc3 27. Re8+ Kh7 28. Qc6 Qxc6 29. Bxc6 Rxe8 30. Bxe8 Bxd4 31. Kg2 Rd2 32. Rf1 Kg6 33. a4 Nd5 34. Kf3 Nxb4 35. Bb5 Bc5 36. h4 Nc2 37. Ba6 Kf6 38. g4 Nb4 39. Bb5 0-1

[Event "Paul Keres mem (18th)"]
[Site "New Westminster CAN"]
[Date "1993.05.23"]
[Round "4"]
[White "Piasetski, Leon"]
[Black "Dubisch, Ralph"]
[Result "1-0"]
[WhiteElo "2360"]
[BlackElo "2300"]
[PlyCount "73"]
[GameId "2160767912278847"]
[EventDate "1993.05.21"]
[EventType "swiss"]
[EventRounds "7"]
[EventCountry "CAN"]
[SourceTitle "EXT 2022"]
[Source "ChessBase"]
[SourceDate "2021.10.06"]
[SourceVersion "1"]
[SourceVersionDate "2021.10.06"]
[SourceQuality "1"]

1. c4 e5 2. Nc3 Nf6 3. Nf3 d6 4. d4 Nbd7 5. Bg5 Be7 6. e3 c6 7. Qc2 h6 8. Bh4 Nh5 9. Bxe7 Qxe7 10. O-O-O Nhf6 11. g4 e4 12. Nd2 d5 13. Be2 a6 14. h4 Qd6 15. Qb3 b5 16. cxd5 cxd5 17. g5 b4 18. Na4 Ng8 19. Kb1 h5 20. f3 exf3 21. Bxf3 Bb7 22. e4 Ne7 23. Ka1 Bc6 24. exd5 Bxd5 25. Bxd5 Nxd5 26. Rhe1+ Kf8 27. Ne4 Qe6 28. Ng3 Qc6 29. Rc1 Qb7 30. Nf5 Rd8 31. Qg3 Qb8 32. Qf3 N7b6 33. Nxb6 Qxb6 34. Rc5 g6 35. Nh6 Nf6 36. Rc6 Qxd4 37. Rxf6 1-0

[Event "Paul Keres mem (18th)"]
[Site "New Westminster CAN"]
[Date "1993.05.23"]
[Round "5"]
[White "Basanta, Gary"]
[Black "Piasetski, Leon"]
[Result "1/2-1/2"]
[WhiteElo "2375"]
[BlackElo "2360"]
[PlyCount "64"]
[GameId "2160767912278849"]
[EventDate "1993.05.21"]
[EventType "swiss"]
[EventRounds "7"]
[EventCountry "CAN"]
[SourceTitle "EXT 2022"]
[Source "ChessBase"]
[SourceDate "2021.10.06"]
[SourceVersion "1"]
[SourceVersionDate "2021.10.06"]
[SourceQuality "1"]

1. e4 e6 2. d4 c5 3. Nf3 cxd4 4. c3 dxc3 5. Nxc3 a6 6. a4 Nc6 7. Bc4 d6 8. O-O Be7 9. Qe2 Nf6 10. Rd1 Qc7 11. Bf4 O-O 12. e5 Nh5 13. Bg5 dxe5 14. Bxe7 Qxe7 15. Nxe5 Nxe5 16. Qxe5 Nf6 17. Rd3 Bd7 18. Rg3 Bc6 19. Bd3 Rfd8 20. Re1 Kf8 21. Bxh7 Qd6 22. Qg5 Qd2 23. Qxg7+ Ke7 24. Rge3 Rd6 25. b4 Rc8 26. Bf5 Bd7 27. Ne4 Nxe4 28. Bxe4 Rc1 29. Qg5+ Ke8 30. Qg8+ Ke7 31. Qg5+ Ke8 32. Qg8+ Ke7 1/2-1/2

[Event "Paul Keres mem (18th)"]
[Site "New Westminster CAN"]
[Date "1993.05.24"]
[Round "6"]
[White "Stohl, Igor"]
[Black "Piasetski, Leon"]
[Result "1-0"]
[WhiteElo "2540"]
[BlackElo "2360"]
[PlyCount "115"]
[GameId "2160767912278856"]
[EventDate "1993.05.21"]
[EventType "swiss"]
[EventRounds "7"]
[EventCountry "CAN"]
[SourceTitle "EXT 2022"]
[Source "ChessBase"]
[SourceDate "2021.10.06"]
[SourceVersion "1"]
[SourceVersionDate "2021.10.06"]
[SourceQuality "1"]

1. d4 Nf6 2. c4 Nc6 3. Nf3 e6 4. Nc3 Bb4 5. Qc2 d6 6. Bd2 O-O 7. a3 Bxc3 8. Bxc3 Re8 9. Rd1 Qe7 10. d5 Nb8 11. e3 e5 12. Be2 Bg4 13. h3 Bh5 14. e4 a5 15. b4 axb4 16. axb4 c6 17. dxc6 Nxc6 18. O-O Bg6 19. Bd3 d5 20. cxd5 Nxb4 21. Bxb4 Qxb4 22. Rb1 Qe7 23. Rb5 Rec8 24. Qb1 Rc7 25. Nd2 Ne8 26. Nc4 Bxe4 27. d6 Bxd3 28. Qxd3 Qd8 29. Rxe5 Rxc4 30. Qxc4 Nxd6 31. Qd5 Qf8 32. Rd1 Ne8 33. Qxb7 Nf6 34. Qe7 Qxe7 35. Rxe7 g6 36. Rb1 Re8 37. Rxe8+ Nxe8 38. Rb7 Kg7 39. Kf1 Nd6 40. Rd7 Nf5 41. Ke2 h5 42. Kd3 Nh4 43. g3 Nf3 44. Rd5 Kf6 45. Ke4 Ng5+ 46. Rxg5 Kxg5 47. Ke5 h4 48. g4 f6+ 49. Ke6 Kf4 50. Kxf6 Kf3 51. Kxg6 Kxf2 52. g5 Kg3 53. Kf5 Kxh3 54. g6 Kh2 55. g7 h3 56. g8=Q Kh1 57. Kg4 h2 58. Kg3 1-0

[Event "Paul Keres mem (16th)"]
[Site "Vancouver CAN"]
[Date "1991.05.18"]
[Round "2"]
[White "Stone, Raymond"]
[Black "Piasetski, Leon"]
[Result "1-0"]
[WhiteElo "2392"]
[BlackElo "2481"]
[PlyCount "55"]
[GameId "2160767912438965"]
[EventDate "1991.05.18"]
[EventType "swiss"]
[EventRounds "6"]
[EventCountry "CAN"]
[SourceTitle "EXT 2022"]
[Source "ChessBase"]
[SourceDate "2021.10.06"]
[SourceVersion "1"]
[SourceVersionDate "2021.10.06"]
[SourceQuality "1"]

1. d4 Nf6 2. c4 d6 3. Nc3 Nbd7 4. Nf3 c6 5. e4 e5 6. Be2 Be7 7. O-O O-O 8. Qc2 a6 9. Rd1 Qc7 10. Bg5 Re8 11. Rac1 h6 12. Bd2 Bf8 13. Be1 g6 14. Bf1 Nh5 15. b4 exd4 16. Nxd4 Ne5 17. f3 Qe7 18. Na4 Nd7 19. Kh1 Qf6 20. Bf2 b5 21. Nb2 Bb7 22. a4 Rac8 23. Nb3 bxc4 24. Nxc4 d5 25. Nca5 Ba8 26. exd5 cxd5 27. Qxc8 Rxc8 28. Rxc8 1-0

[Event "Paul Keres mem (16th)"]
[Site "Vancouver CAN"]
[Date "1991.05.19"]
[Round "4"]
[White "Piasetski, Leon"]
[Black "Moore, Harry"]
[Result "0-1"]
[WhiteElo "2481"]
[BlackElo "2323"]
[PlyCount "90"]
[GameId "2160767912438976"]
[EventDate "1991.05.18"]
[EventType "swiss"]
[EventRounds "6"]
[EventCountry "CAN"]
[SourceTitle "EXT 2022"]
[Source "ChessBase"]
[SourceDate "2021.10.06"]
[SourceVersion "1"]
[SourceVersionDate "2021.10.06"]
[SourceQuality "1"]

1. c4 g6 2. d4 Nf6 3. Nc3 Bg7 4. e4 O-O 5. Nf3 d6 6. Be2 e5 7. O-O Nc6 8. d5 Ne7 9. Nd2 c5 10. Rb1 Ne8 11. b4 b6 12. bxc5 bxc5 13. Nb3 f5 14. Bd2 Nf6 15. f3 f4 16. Nb5 Qd7 17. Ba5 Ne8 18. Nc1 g5 19. Nd3 Ng6 20. Nf2 h5 21. Qc2 Bf6 22. Rfd1 Bd8 23. Be1 Nh4 24. Rd3 Qg7 25. h3 Rb8 26. Na3 Rxb1 27. Qxb1 a6 28. Qb8 Qd7 29. Nb1 Kh8 30. Bd1 Bc7 31. Qa8 Nf6 32. Ra3 Qe7 33. Qa7 Qd8 34. Nc3 Bb6 35. Qa8 Nxg2 36. Bd2 Rg8 37. Rxa6 Bxa6 38. Qxa6 Ne3 39. Be2 Ba5 40. Nb1 Bxd2 41. Nxd2 g4 42. fxg4 hxg4 43. hxg4 Nfxg4 44. Nf3 Nf6+ 45. Kh1 Qe7 0-1

[Event "Paul Keres mem (15th)"]
[Site "Vancouver CAN"]
[Date "1990.05.19"]
[Round "2"]
[White "Piasetski, Leon"]
[Black "South, Robert"]
[Result "1-0"]
[WhiteElo "2474"]
[BlackElo "2380"]
[PlyCount "85"]
[GameId "2160767912472958"]
[EventDate "1990.05.19"]
[EventType "swiss"]
[EventRounds "6"]
[EventCountry "CAN"]

1. c4 e5 2. Nc3 Nf6 3. g3 Bb4 4. Bg2 O-O 5. e4 Bxc3 6. dxc3 d6 7. Qe2 b6 8. Nf3 Bb7 9. Nh4 Nc6 10. O-O h6 11. Rd1 Ne7 12. f4 Qc8 13. fxe5 dxe5 14. Rf1 Qe6 15. Nf5 Nxf5 16. exf5 Qc8 17. g4 Bxg2 18. Qxg2 Rd8 19. g5 hxg5 20. Bxg5 Rd6 21. Rae1 Nd7 22. Re3 c5 23. Be7 Rh6 24. Rg3 Rh7 25. f6 g6 26. Rd1 Nf8 27. Rd8 Qxd8 28. Bxd8 Rxd8 29. Qe2 Rd6 30. Rf3 Nd7 31. Qe4 Nxf6 32. Qxe5 Rd1+ 33. Rf1 Rxf1+ 34. Kxf1 Ng4 35. Qb8+ Kg7 36. Qxa7 Rxh2 37. Qxb6 f5 38. a4 Kh6 39. a5 f4 40. Qd6 Rf2+ 41. Ke1 Rf3 42. a6 Re3+ 43. Kd2 1-0

[Event "Toronto1"]
[Site "Toronto CAN"]
[Date "1990.??.??"]
[Round "2"]
[White "Vaganian, Rafael"]
[Black "Piasetski, Leon"]
[Result "1-0"]
[WhiteElo "2605"]
[BlackElo "2415"]
[PlyCount "36"]
[GameId "2160767912481289"]
[EventDate "1990.04.??"]
[EventType "tourn"]
[EventRounds "11"]
[EventCountry "CAN"]
[EventCategory "9"]
[SourceTitle "CBM 020"]
[Source "ChessBase"]
[SourceDate "2004.01.01"]
[SourceVersion "1"]
[SourceVersionDate "2004.01.01"]
[SourceQuality "1"]

1. Nf3 e6 2. c4 f5 3. g3 Nf6 4. Bg2 d5 5. O-O Bd6 6. Nc3 c6 7. d3 O-O 8. e4 Bc7 9. cxd5 exd5 10. e5 Nfd7 11. d4 Nb6 12. Ne2 Kh8 13. h4 Be6 14. Nf4 Bg8 15. b3 Qe7 16. a4 Rc8 17. h5 Bd8 18. Nh4 Qd7 1-0

[Event "Toronto1"]
[Site "Toronto CAN"]
[Date "1990.??.??"]
[Round "6"]
[White "Piasetski, Leon"]
[Black "Kovacevic, Vlatko"]
[Result "0-1"]
[WhiteElo "2415"]
[BlackElo "2540"]
[PlyCount "108"]
[GameId "2160767912481310"]
[EventDate "1990.04.??"]
[EventType "tourn"]
[EventRounds "11"]
[EventCountry "CAN"]
[EventCategory "9"]
[SourceTitle "CBM 020"]
[Source "ChessBase"]
[SourceDate "2004.01.01"]
[SourceVersion "1"]
[SourceVersionDate "2004.01.01"]
[SourceQuality "1"]

1. c4 e5 2. Nc3 f5 3. d4 d6 4. g3 Nf6 5. Nf3 e4 6. Nh4 Be7 7. Bg5 O-O 8. e3 c5 9. Qd2 Nc6 10. O-O-O cxd4 11. exd4 h6 12. Be3 Kh7 13. Ng2 d5 14. Nf4 dxc4 15. d5 Ne5 16. d6 Bxd6 17. Qxd6 Nd3+ 18. Rxd3 cxd3 19. Qxd8 Rxd8 20. h4 g6 21. f3 b6 22. Bg2 Bb7 23. fxe4 Bxe4 24. Bxe4 Nxe4 25. Nfd5 Rac8 26. Kb1 Nxg3 27. Rd1 Ne2 28. Rxd3 Nxc3+ 29. bxc3 Kg7 30. Bd4+ Kf7 31. Ne3 h5 32. Nf1 Rxc3 33. Rxc3 Rxd4 34. Kc2 Rxh4 35. Nd2 Ra4 36. Kb3 b5 37. Nf3 Rf4 38. Rc7+ Ke6 39. Ng5+ Kf6 40. Nh7+ Ke5 41. Re7+ Kd4 42. Rxa7 h4 43. Nf8 Rg4 44. Kb4 f4 45. Ne6+ Kd5 46. Nc5 Rg1 47. Kxb5 Rb1+ 48. Nb3 f3 49. Rd7+ Ke5 50. Rd2 g5 51. Kc4 g4 52. Rd5+ Kf4 53. Rd4+ Kg3 54. Nd2 Re1 0-1

[Event "Toronto1"]
[Site "Toronto CAN"]
[Date "1990.??.??"]
[Round "7"]
[White "Tukmakov, Vladimir"]
[Black "Piasetski, Leon"]
[Result "1/2-1/2"]
[WhiteElo "2570"]
[BlackElo "2415"]
[PlyCount "114"]
[GameId "2160767912481314"]
[EventDate "1990.04.??"]
[EventType "tourn"]
[EventRounds "11"]
[EventCountry "CAN"]
[EventCategory "9"]
[SourceTitle "CBM 020"]
[Source "ChessBase"]
[SourceDate "2004.01.01"]
[SourceVersion "1"]
[SourceVersionDate "2004.01.01"]
[SourceQuality "1"]

1. Nf3 d6 2. d4 Bg4 3. e4 Nf6 4. h3 Bh5 5. Nc3 e6 6. Be2 Be7 7. Be3 d5 8. exd5 Nxd5 9. Nxd5 Qxd5 10. O-O Nd7 11. c4 Qa5 12. a3 c6 13. d5 Qc7 14. dxe6 fxe6 15. Nd4 Bf7 16. Bg4 Nf8 17. b4 e5 18. Nf5 Ne6 19. Re1 O-O 20. Qf3 Kh8 21. Nxe7 Qxe7 22. Qf5 Qf6 23. Rad1 h5 24. Qxf6 gxf6 25. Bf3 Rfd8 26. b5 Be8 27. a4 a6 28. bxc6 Bxc6 29. Bxc6 bxc6 30. Bb6 Rxd1 31. Rxd1 Nd4 32. Rd2 c5 33. Bxc5 Nb3 34. Rd5 Nxc5 35. Rxc5 Kg7 36. Rc6 a5 37. Rc5 Kg6 38. Kf1 Kf5 39. Ke2 Ke4 40. Rd5 Rc8 41. f3+ Kf4 42. Rxa5 Rxc4 43. Ra6 f5 44. Rg6 h4 45. a5 Rc2+ 46. Kd3 Ra2 47. a6 e4+ 48. fxe4 fxe4+ 49. Kd4 Ra4+ 50. Kc5 Kf5 51. Kb5 Ra2 52. Rg8 e3 53. Re8 Kf4 54. Kb6 Rb2+ 55. Kc6 Ra2 56. Kb7 Rb2+ 57. Kc6 Ra2 1/2-1/2

[Event "Toronto1"]
[Site "Toronto CAN"]
[Date "1990.??.??"]
[Round "11"]
[White "Kozul, Zdenko"]
[Black "Piasetski, Leon"]
[Result "1/2-1/2"]
[WhiteElo "2575"]
[BlackElo "2415"]
[PlyCount "94"]
[GameId "2160767912481334"]
[EventDate "1990.04.??"]
[EventType "tourn"]
[EventRounds "11"]
[EventCountry "CAN"]
[EventCategory "9"]
[SourceTitle "CBM 020"]
[Source "ChessBase"]
[SourceDate "2004.01.01"]
[SourceVersion "1"]
[SourceVersionDate "2004.01.01"]
[SourceQuality "1"]

1. d4 d6 2. Nf3 Bg4 3. c4 Bxf3 4. exf3 c6 5. Nc3 g6 6. h4 h5 7. Be3 Bg7 8. g3 Nd7 9. f4 Nh6 10. Qd3 Qa5 11. Bg2 Nb6 12. O-O Nf5 13. Rab1 Qa6 14. d5 cxd5 15. Bxd5 Rc8 16. Bxb6 Qxb6 17. Be4 Nd4 18. Rfe1 e6 19. b3 O-O 20. Rbd1 d5 21. Bxd5 exd5 22. Nxd5 Qc5 23. Ne7+ Kh7 24. Nxc8 Rxc8 25. Qe4 Rc6 26. Qd5 Qxd5 27. cxd5 Rd6 28. Re7 Rxd5 29. Kg2 Kg8 30. Rxb7 a5 31. Rb8+ Kh7 32. a3 Rc5 33. b4 axb4 34. Rxb4 Nf5 35. Rd7 Rc2 36. Rxf7 Kg8 37. Rxf5 gxf5 38. Rb5 Bd4 39. Rxf5 Rxf2+ 40. Kh3 Ra2 41. Rxh5 Rxa3 42. Rg5+ Kf7 43. h5 Rb3 44. Kg4 Bf2 45. Kh4 Rf3 46. Rg4 Bxg3+ 47. Rxg3 Rxf4+ 1/2-1/2